000 00305nam a22001337a 4500
008 170823b xxu||||| |||| 00| 0 eng d
020 _a9780618775248
041 _aeng
080 _29TH
_a51
100 _a38
101 _aMAT
245 _aTOPICS IN CONTEMPORARY MATHEMATICS
_cBELLO,I
942 _2udc
_cBK
999 _c24617
_d24617